| 000 | 03130nam a2200361 a 4500 | ||
|---|---|---|---|
| 003 | OSt | ||
| 005 | 20250617133114.0 | ||
| 007 | cr ||||||a|a|a | ||
| 008 | 250616s2025 mx a|||fom||| 001 0 spa d | ||
| 040 | _erda | ||
| 100 | 1 |
_aFlores Avalos, José Ismael _9190471 |
|
| 245 | 1 | 0 |
_aNiveles crecientes del fitogénico BioCholine en el comportamiento productivo de corderos en finalización / _cpor José Ismael Flores Avavlos y Hazel Margarita Reyes Conde; director de tesis José Felipe Orzuna Orzuna; secretario Alejandro Lara Bueno; vocal Rodolfo Ramírez Valverde; suplente Juan Eduardo Godina Rodríguez; suplente Agustín Ruíz Flores. |
| 264 | 1 |
_aChapingo, México : _bEl autor, _c2024. |
|
| 300 |
_a1 recurso en línea (52 páginas): _bcuadros, figuras. |
||
| 336 |
_2rdacontent _atexto _btxt |
||
| 337 |
_2rdamedia _acomputadora _bc |
||
| 338 |
_2rdacarrier _arecurso en línea _bcr |
||
| 502 |
_bIAEZ _cZootecnía _d2024. _gLIC |
||
| 504 | _aIncluye referencias bibliográficas: páginas 45-52. | ||
| 520 | _aEl objetivo del presente estudio fue evaluar el efecto de la suplementación dietética con el aditivo fitogénico BioCholine® en el comportamiento productivo de corderos en finalización. Treinta y seis corderos Pelibuey machos (23.61 ± 0.57 kg de peso vivo) fueron utilizados para evaluar: peso corporal final (PCF), consumo de materia seca (CMS), variación del consumo diario de materia seca (VCMS) ganancia diaria de peso (GDP) y conversión alimenticia (CA). Los tratamientos experimentales consistieron en: dieta basal sin BioCholine® (N0B) y dieta basal más 2.5 (N1B), 5.0 (N2B) y 7.5 g (N3B) de BioCholine® kg-1 de MS. El periodo experimental fue de 56 días dividido en cuatro periodos secuenciados de 14 días. Los datos fueron analizados mediante el procedimiento PROC MIXED de SAS. El PCF y la VCMS no fueron afectados (p > 0.05) por los tratamientos. El CMS y la GDP incrementaron (p ≤ 0.05) en los corderos del tratamiento N3B en comparación con los otros tratamientos. La CA de los corderos de los tratamientos N2B y N3B fue menor (p ≤ 0.05) que en los corderos del tratamiento N0B. En conclusión, la inclusión de dosis altas (7.5 kg-1 MS) de BioCholine® puede ser utilizada como estrategia nutricional para mejorar consumo de alimento, tasa de crecimiento y eficiencia alimenticia en corderos alimentados con dietas altas en granos. | ||
| 650 | 4 |
_aGanado lanar _xEngorda _945175 |
|
| 650 | 4 |
_aGanado lanar _xNutrición _945205 |
|
| 650 | 4 |
_aGanado lanar _xPeso _945211 |
|
| 650 | 4 |
_aNutrición animal _x Aditivos _9145756 |
|
| 700 | 1 |
_aReyes Conde, Hazel Margarita _9190472 |
|
| 700 | 1 |
_aOrzuna Orzuna, José Felipe _edirector de tesis _9137135 |
|
| 700 | 0 |
_aLara Bueno, Alejandro _964829 _esecretario. |
|
| 700 | 0 |
_aRamírez Valverde, Rodolfo _994316 _evocal. |
|
| 700 | 1 |
_aGodina Roríguez, Juan Eduardo _9190654 _esuplente. |
|
| 700 | 0 |
_aRuiz Flores, Agustín _esuplente _9100671 |
|
| 856 |
_uhttp://10.13.5.2/tesis/tl/1610741-1_Y_1612041-1_FLORES_AVALOS_JOSEISMAEL_Y_REYES_CONDE_HAZELMARGARITA.pdf _zDESCARGAR PDF |
||
| 942 |
_2Clasificación Universidad Autónoma Chapingo _cTD |
||
| 999 |
_c220614 _d220614 |
||